000
00287nam a22001337a 4500
008
181017b xxu||||| |||| 00| 0 eng d
020
_a
9781554071470
041
_a
eng
080
_2
4th
_a
520
100
_a
42
101
_a
AST
245
_a
Nightwatch
_c
Dickinson,T
942
_2
udc
_c
BK
999
_c
50040
_d
50040